Tyhrolovy Rizdvo v pralisach

Bibliographic Details
Main Author: Bahrjanyj, Ivan 1906-1963 (Author)
Format: Article
Language:Slovak
Ukrainian
PhysicalDescription:Fotogr.
Subjects:

MARC

LEADER 00000nab a2200000 a 4500
001 vtls008953331
003 SK-MaSNL
005 20260304145156.0
008 250505c2006 xo qr p 000 c0slo
015 |a SNBRB2007/03 
035 |a (uuid)07db28d3-e3cd-4276-9e55-acfaf73dc4a4 
035 |a urn:nbn:sk:snk-abc1fj 
035 |a (urnnbn)urn:nbn:sk:snk:ar-00107r 
038 |a SVKPOCL 
040 |a SNKBUCL  |b slo  |c SNKBUCL  |e AACR2 
041 0 |a ukr 
044 |a xo  |c SK 
080 |a 821.161.2-31=161.2  |2 2001 
100 1 |a Bahrjanyj, Ivan  |d 1906-1963  |4 aut  |9 1089575 
245 1 0 |a Tyhrolovy  |b Rizdvo v pralisach  |c Ivan Bahrjanyj 
300 |b Fotogr. 
500 |a Úryvok z románu 
650 0 7 |a ukrajinská literatúra  |2 svkpocl  |9 1218 
650 0 7 |a ukrajinská próza  |2 svkpocl  |9 82745 
655 7 |a spoločenské romány, ukrajinské  |2 svkpocl  |9 1333917 
773 0 |t Duklja  |g Rič. 54 , No 5 (2006), s. 32-35 
850 |a Slovenská národná knižnica 
852 |a Slovenská národná knižnica 
958 |a article15 
958 |a UK 
958 |a LX 
958 |a UA 
958 |a SK 
958 |a OND 
958 |a EUIPO 
999 |c 2934713  |d 2936643